<?xml version="1.0" encoding="UTF-8"?>
<collection xmlns="http://www.loc.gov/MARC21/slim">
 <record>
  <leader>02183pam a22002658a 4500</leader>
  <controlfield tag="001">00024615</controlfield>
  <controlfield tag="005">20171026081023.0</controlfield>
  <controlfield tag="008">110721s2005                  ||||||Viesd</controlfield>
  <datafield tag="041" ind1="0" ind2="#">
   <subfield code="a">Vie</subfield>
  </datafield>
  <datafield tag="082" ind1="1" ind2="4">
   <subfield code="a">351.597</subfield>
   <subfield code="b">H1107CH</subfield>
  </datafield>
  <datafield tag="100" ind1="0" ind2="#">
   <subfield code="a">Phạm Văn Hùng</subfield>
   <subfield code="e">Chủ biên</subfield>
  </datafield>
  <datafield tag="245" ind1="0" ind2="0">
   <subfield code="a">Hành chính nhà nước</subfield>
   <subfield code="b">Giáo trình Cao đẳng sư phạm</subfield>
   <subfield code="c">Phạm Văn Hùng,Nguyễn Hữu Khiển</subfield>
  </datafield>
  <datafield tag="260" ind1="#" ind2="#">
   <subfield code="a">H.</subfield>
   <subfield code="b">Đại học sư phạm</subfield>
   <subfield code="c">2005</subfield>
  </datafield>
  <datafield tag="300" ind1="#" ind2="#">
   <subfield code="a">92 tr.</subfield>
   <subfield code="c">24 cm.</subfield>
  </datafield>
  <datafield tag="500" ind1="#" ind2="#">
   <subfield code="a">ĐBS ghi: Bộ giáo dục và đào tạo dự án đào tạo giáo viên THCS.Loan No 1718 - Vie(SF)</subfield>
  </datafield>
  <datafield tag="650" ind1="#" ind2="4">
   <subfield code="a">Giáo trình</subfield>
  </datafield>
  <datafield tag="650" ind1="#" ind2="4">
   <subfield code="a">Việt Nam</subfield>
  </datafield>
  <datafield tag="650" ind1="#" ind2="4">
   <subfield code="a">Hành chính nhà nước</subfield>
  </datafield>
  <datafield tag="700" ind1="0" ind2="#">
   <subfield code="a">Nguyễn Hữ Khiển</subfield>
  </datafield>
  <datafield tag="852" ind1="#" ind2="#">
   <subfield code="b">Kho giáo trình</subfield>
   <subfield code="j">KGT.0017542, KGT.0017543, KGT.0017544, KGT.0017545, KGT.0017546, KGT.0017547, KGT.0017548, KGT.0017549, KGT.0017550, KGT.0017551, KGT.0017552, KGT.0017553, KGT.0017554, KGT.0017555, KGT.0017556, KGT.0017557, KGT.0017558, KGT.0017559, KGT.0017560, KGT.0017561, KGT.0017562, KGT.0017563, KGT.0017564, KGT.0017565, KGT.0017566, KGT.0017567, KGT.0017568, KGT.0017569, KGT.0017570, KGT.0017571, KGT.0017572, KGT.0017573, KGT.0017574, KGT.0017575, KGT.0017576, KGT.0017577, KGT.0017578, KGT.0017579, KGT.0017580, KGT.0017581, KGT.0017582, KGT.0017583, KGT.0017584, KGT.0017585, KGT.0017586, KGT.0017587</subfield>
  </datafield>
  <datafield tag="852" ind1="#" ind2="#">
   <subfield code="b">Kho mượn</subfield>
   <subfield code="j">KGT.0017542, KGT.0017574</subfield>
  </datafield>
  <datafield tag="852" ind1="#" ind2="#">
   <subfield code="j">KGT.0017543</subfield>
   <subfield code="j">KGT.0017544</subfield>
   <subfield code="j">KGT.0017548</subfield>
   <subfield code="j">KGT.0017550</subfield>
   <subfield code="j">KGT.0017551</subfield>
   <subfield code="j">KGT.0017585</subfield>
   <subfield code="j">KGT.0017587</subfield>
   <subfield code="j">KGT.0017552</subfield>
   <subfield code="j">KGT.0017554</subfield>
   <subfield code="j">KGT.0017555</subfield>
   <subfield code="j">KGT.0017557</subfield>
   <subfield code="j">KGT.0017558</subfield>
   <subfield code="j">KGT.0017560</subfield>
   <subfield code="j">KGT.0017562</subfield>
   <subfield code="j">KGT.0017563</subfield>
   <subfield code="j">KGT.0017565</subfield>
   <subfield code="j">KGT.0017566</subfield>
   <subfield code="j">KGT.0017568</subfield>
   <subfield code="j">KGT.0017569</subfield>
   <subfield code="j">KGT.0017576</subfield>
   <subfield code="j">KGT.0017577</subfield>
   <subfield code="j">KGT.0017579</subfield>
   <subfield code="j">KGT.0017580</subfield>
   <subfield code="j">KGT.0017582</subfield>
   <subfield code="j">KGT.0017583</subfield>
   <subfield code="j">KGT.0017571</subfield>
   <subfield code="j">KGT.0017574</subfield>
   <subfield code="j">KGT.0017545</subfield>
   <subfield code="j">KGT.0017546</subfield>
   <subfield code="j">KD.0010156</subfield>
   <subfield code="j">KGT.0017542</subfield>
   <subfield code="j">KGT.0017547</subfield>
   <subfield code="j">KGT.0017549</subfield>
   <subfield code="j">KGT.0017553</subfield>
   <subfield code="j">KGT.0017556</subfield>
   <subfield code="j">KGT.0017559</subfield>
   <subfield code="j">KGT.0017561</subfield>
   <subfield code="j">KGT.0017564</subfield>
   <subfield code="j">KGT.0017567</subfield>
   <subfield code="j">KGT.0017570</subfield>
   <subfield code="j">KGT.0017578</subfield>
   <subfield code="j">KGT.0017581</subfield>
   <subfield code="j">KGT.0017584</subfield>
   <subfield code="j">KGT.0017586</subfield>
  </datafield>
  <datafield tag="852" ind1="#" ind2="#">
   <subfield code="b">Kho đọc</subfield>
   <subfield code="j">KD.0010156</subfield>
  </datafield>
  <datafield tag="910" ind1=" " ind2=" ">
   <subfield code="d">21/07/2011</subfield>
  </datafield>
  <datafield tag="980" ind1="#" ind2="#">
   <subfield code="a">Trung tâm Học liệu Lê Vũ Hùng, Trường Đại học Đồng Tháp</subfield>
  </datafield>
 </record>
</collection>
